书目信息 |
| 题名: |
7天快速学会建筑工程造价
|
|
| 作者: | 姜学成 , 张会宾 主编 | |
| 分册: | ||
| 出版信息: | 北京 机械工业出版社 2020.07 |
|
| 页数: | 189页 | |
| 开本: | 26cm | |
| 丛书名: | ||
| 单 册: | ||
| 中图分类: | TU723.3 | |
| 科图分类: | ||
| 主题词: | 建筑造价管理--jian zhu zao jia guan li | |
| 电子资源: | ||
| ISBN: | 978-7-111-65237-3 | |
| 000 | 01012nam0 2200241 450 | |
| 001 | 2052146906 | |
| 005 | 20201107142912.58 | |
| 010 | @a978-7-111-65237-3@dCNY49.00 | |
| 100 | @a20200804d2020 em y0chiy50 ea | |
| 101 | 0 | @achi |
| 102 | @aCN@b110000 | |
| 105 | @aak a 000yy | |
| 200 | 1 | @a7天快速学会建筑工程造价@A7 tian kuai su xue hui jian zhu gong cheng zao jia@f姜学成, 张会宾主编 |
| 210 | @a北京@c机械工业出版社@d2020.07 | |
| 215 | @a189页@c图@d26cm | |
| 320 | @a有书目 (第189页) | |
| 330 | @a本书通过介绍建筑工程的24个工程量计算实例、3个招标工程量清单编制实例以及1个贯穿施工图预算、招标控制价、投标报价、竣工结算编制过程的综合性实例, 引导读者逐步了解、熟悉建设工程计量计价的基本程序、方法、计算过程和相关表样的编制等内容, 为进一步学会、掌握工程造价打下坚实的基础。 | |
| 606 | 0 | @a建筑造价管理@Ajian zhu zao jia guan li |
| 690 | @aTU723.3@v5 | |
| 701 | 0 | @a姜学成@Ajiang xue cheng@4主编 |
| 701 | 0 | @a张会宾@Azhang hui bin@4主编 |
| 801 | 0 | @aCN@b人天书店@c20201001 |
| 905 | @aZUCC@dTU723.3@eJ530 | |
| 7天快速学会建筑工程造价/姜学成, 张会宾主编.-北京:机械工业出版社,2020.07 |
| 189页:图;26cm |
| ISBN 978-7-111-65237-3:CNY49.00 |
| 本书通过介绍建筑工程的24个工程量计算实例、3个招标工程量清单编制实例以及1个贯穿施工图预算、招标控制价、投标报价、竣工结算编制过程的综合性实例, 引导读者逐步了解、熟悉建设工程计量计价的基本程序、方法、计算过程和相关表样的编制等内容, 为进一步学会、掌握工程造价打下坚实的基础。 |
| ● |
| 相关链接 |
|
|
|
正题名:7天快速学会建筑工程造价
索取号:TU723.3/J530
 
预约/预借
| 序号 | 登录号 | 条形码 | 馆藏地/架位号 | 状态 | 备注 |
| 1 | 1485826 | 214858260 | 建筑库201/201建筑库 35排2列3层/ [索取号:TU723.3/J530] | 在馆 | |
| 2 | 1485827 | 214858279 | 建筑库201/201建筑库 35排2列3层/ [索取号:TU723.3/J530] | 在馆 |